TV's Costliest Ads Quiz Stats

Quiz Updated Dec 22, 2011

Challenge
Share
Tweet
Only "free" TV is counted, the "big five" networks- ABC, NBC, CBS, FOX, and the CW.
Score 0/10 Timer 05:00
3 Plays Today
Network Show % Correct
FOXAmerican Idol
74.1%
FOXThe Simpsons
52.8%
FOXFamily Guy
47.9%
FOXX Factor
46.8%
CBSTwo and a Half Men
43.6%
ABCModern Family
43.6%
ABCDancing with the Stars
41.1%
FOXGlee
38.6%
NBCSunday Night Football
38.1%
FOXHouse
36.4%

You're not logged in!

Compare scores with friends on all Sporcle quizzes.
Sign Up with Email
OR
Log In

You Might Also Like...

Show Comments

Extras

Top Quizzes Today


Score Distribution

Your Account Isn't Verified!

In order to create a playlist on Sporcle, you need to verify the email address you used during registration. Go to your Sporcle Settings to finish the process.